Empleo, crecimiento y equidad: los retos de las reformas económicas de finales del siglo XX en Costa Rica. I parte: Reformas económicas y sociales /

Gespeichert in:
Bibliographische Detailangaben
1. Verfasser: Ulate Quirós, Anabelle
Format: Unbekannt
Veröffentlicht: San José: Editorial de la Universidad de Costa Rica
Schlagworte:
Tags: Tag hinzufügen
Keine Tags, Fügen Sie den ersten Tag hinzu!

MARC

LEADER 00000 a2200000 04500
001 18793
003
008 991231s d
040
090 |a 144403  
100 |a Ulate Quirós, Anabelle  
245 |a Empleo, crecimiento y equidad: los retos de las reformas económicas de finales del siglo XX en Costa Rica. I parte: Reformas económicas y sociales /  |c Anabelle Ulate Quirós  
260 |a San José:   |b Editorial de la Universidad de Costa Rica  
300 |a 559 p.  
650 |a REFORMA ECONOMICA  
650 |a AJUSTE ESTRUCTURAL  
650 |a RECESION ECONOMICA  
650 |a POLITICA SOCIAL  
650 |a DESARROLLO DE RECURSOS HUMANOS  
650 |a RECURSOS HUMANOS  
650 |a SALUD  
650 |a EDUCACION  
999 |c 11727  |d 11727